000 00619nam a22002297a 4500
003 UA-OsUOA
001 95615
007 ta
008 20130305b un ||||| |||| 00| 0 ukr d
100 _aКикодзе Г.
090 _a821.353.1
_bК38
942 _cBK
040 _aUA-OsUOA
_brus
_cUA-OsUOA
_dUA-OsUOA
245 _aИракли второй
_bмонография
300 _a79 с.
955 _a3
041 _arus
080 _a821.353.1
260 _aТбилиси
_bЗаря Востока
_c1945
650 7 _a82 Література. Літературознавство
_2UDC
999 _c381864
_d381864